000 00426pab a2200145 454500
008 180718b2005 xxu||||| |||| 00| 0 eng d
100 _aSindzingre, Alice
245 _aReforms, structure or institutions? Assessing the determinants of growth in low-income countries
260 _c2005
300 _ap.281-305.
650 _aEconomic growth
650 _aEconomic reform
773 _aThird World Quarterly
909 _a65296
999 _c65296
_d65296